Romancero selecto del Cid / (Record no. 163907)

MARC details
000 -LEADER
campo de control de longitud fija 01481nam a2200325 i 4500
001 - NÚMERO DE CONTROL
campo de control 163907
003 - IDENTIFICADOR DE NÚMERO DE CONTROL
campo de control ES-MaACL
005 - FECHA Y HORA DE LA ÚLTIMA TRANSACCIÓN
campo de control 20251017121150.0
008 - DATOS DE LONGITUD FIJA--INFORMACIÓN GENERAL
campo de control de longitud fija 950206s1884 sp a |||| | spa d
130 0# - ENTRADA PRINCIPAL--TÍTULO UNIFORME
Título uniforme Poema del Cid.
9 (RLIN) 123904
245 10 - MENCIÓN DEL TÍTULO
Título Romancero selecto del Cid /
Mención de responsabilidad, etc. con un prólogo de D. Manuel Milá y Fontanals ; ilustración de Werner, Foix, Gómez Soler y Xumetra ; grabados de Kaeseberg y Gómez Polo.
260 ## - PUBLICACIÓN, DISTRIBUCIÓN, ETC.
Lugar de publicación, distribución, etc. Barcelona :
Nombre del editor, distribuidor, etc. Daniel Cortezo y Cª,
Fecha de publicación, distribución, etc. 1884.
300 ## - DESCRIPCIÓN FÍSICA
Extensión 352 p. :
Otras características físicas il. ;
Dimensiones 21 cm.
490 1# - MENCIÓN DE SERIE
Mención de serie Biblioteca "Arte y letras"
505 8# - NOTA DE CONTENIDO CON FORMATO
Nota de contenido con formato Contiene: Mocedades del Cid ; Cerco de Zamora ; Destierro del Cid ; Deslealtad y castigo de los infantes de Carrión ; Últimos años y muerte del Cid
530 ## - NOTA DISPONIBLE DE FORMULARIO FÍSICO ADICIONAL
Nota de formato físico adicional disponible Disponible en formato digital.
600 04 - PUNTO DE ACCESO ADICIONAL DE MATERIA--NOMBRE DE PERSONA
Nombre de persona El Cid-
Subdivisión de forma Poesías.
9 (RLIN) 169962
650 #4 - PUNTO DE ACCESO ADICIONAL DE MATERIA--TÉRMINO DE MATERIA
Término de materia o nombre geográfico como elemento de entrada Romances-
Subdivisión geográfica España.
9 (RLIN) 16935
700 1# - ENTRADA AGREGADA--NOMBRE PERSONAL
Nombre de persona Milá y Fontanals, Manuel.
9 (RLIN) 81077
700 1# - ENTRADA AGREGADA--NOMBRE PERSONAL
Nombre de persona Werner, Anton Alexander von,
Fechas asociadas al nombre 1843-1915
9 (RLIN) 133907
700 1# - ENTRADA AGREGADA--NOMBRE PERSONAL
Nombre de persona Foix, Mariano.
9 (RLIN) 51428
700 1# - ENTRADA AGREGADA--NOMBRE PERSONAL
Nombre de persona Gómez Soler, Francisco,
Fechas asociadas al nombre ca. 1860-1899
9 (RLIN) 146333
700 1# - ENTRADA AGREGADA--NOMBRE PERSONAL
Nombre de persona Xumetra, F.
9 (RLIN) 117524
700 1# - ENTRADA AGREGADA--NOMBRE PERSONAL
Nombre de persona Kaeseberg, Hugo,
Fechas asociadas al nombre 1847-1893
9 (RLIN) 170732
700 1# - ENTRADA AGREGADA--NOMBRE PERSONAL
Nombre de persona Gómez Polo, Enrique.
9 (RLIN) 58119
830 10 - PUNTO DE ACCESO ADICIONAL DE SERIE-TÍTULO UNIFORME
Título uniforme Biblioteca "Arte y letras"
9 (RLIN) 180874
852 4# - LOCALIZACIÓN
Ubicación ES-MaACL
Número de control de estantería B-723
Nota libre - Enc. editorial en tela estampada, cortes pintados
856 4# - LOCALIZACIÓN Y ACCESO ELECTRÓNICOS
Identificador Uniforme de Recursos <a href="http://bdh-rd.bne.es/viewer.vm?id=0000091962&page=1 ">http://bdh-rd.bne.es/viewer.vm?id=0000091962&page=1 </a>
Nota pública Biblioteca Digital Hispánica
Holdings
Estatus retirado Estado de pérdida Estado de daño No para préstamo Colección Biblioteca de origen Biblioteca actual Ubicación en estantería Fecha de adquisición Fuente de adquisición Total de préstamos Signatura topográfica completa Código de barras Visto por última vez Precio de reemplazo Tipo de ítem Koha
        Colección digital Biblioteca del Ateneo de Madrid Biblioteca del Ateneo de Madrid Sala Pardo Bazán 17/01/2008     B-723 1171778 23/02/2023 23/02/2023 Libro impreso antiguo